00682cam a22002171a 450000100060000000300080000600500170001400800410003103500140007203500190008604000370010504100080014204200120015008200280016210000270019024501010021726000450031830000330036350400510039665000170044776649BD-RjUL20211209082852.0191229s1952 mdua b 001 0 eng  a(BD-RjUL) a(OCoLC)7139770 aDLCcNmScWdMoSU-LdUkdDLCbeng aeng apremarc a*338.6048223bMAE 19521 aMachlup, Fritz,d1902-14aThe economics of sellers' competition :bmodel analysis of sellers' conduct /cby Fritz Machlup. aBaltimore :bJohns Hopkins Press,c1952. axx, 582 p. :bill. ;c24 cm. aIncludes bibliographical references and index. 0aCompetition.